000 00851nas a2200277 4500
001 BR2013003992
003 BR-BrBNA
005 20231205122701.0
007 ta
008 230509b bl.|||p| |||| 00| 00por d
040 _aBR-BrBNA
_bpor
_cBiblioteca Nacional de Agricultura
041 _a(Pt)
072 _aH20
100 1 _aAmbrósio, M.M. de Q.
100 1 _aBueno, C.J.
100 1 _aSouza, N.L. de
245 1 _aSobrevivência de Macrophomina phaseolina em solo incorporado com brócolos seguido de solarização
650 _aBRÓCOLO
650 _aFUNGO
650 _aMACROPHOMINA PHASEOLINA
650 _aTEMPERATURA
650 _aTRATAMENTO
773 0 _tSumma Phytopathologica (Brazil)
_xISSN 0100-5405
_g(Jul-Sep 2004), v. 30(3) p. 364-370
_wBR2013003992
909 _a202311
_bLúcia
_c55
_dLúcia Elande
942 _2AGRIS
_n0
_cANA
999 _c229959
_d229959